000 00528nam a2200217Ia 4500
001 13313
003 GE_BSU
008 181216s||||||||xx |||||||||||||| ||und||
020 _a030436214X
040 _cGE_BSU
080 _a581.6
100 _aBlamey,Marjorie
245 _aCassell's wild flowers of Britain & Northern Europe
260 _aLondon
260 _bCasselle
260 _c2003
300 _a543p.ill.27cm.
541 _h123Gel.
653 _aCassell's wild flowers of Britain & Northern Europe
942 _cBK
999 _c46475
_d46475